Diario de un aspirante a santo

Sábháilte in:
Sonraí bibleagrafaíochta
Príomhchruthaitheoir: Duhamel, Georges
Formáid: LEABHAR
Teanga:Undetermined
Foilsithe / Cruthaithe: Buenos Aires, Argentina Losada 1946
Eagrán:2
Ábhair:
Clibeanna: Cuir clib leis
Níl clibeanna ann, Bí ar an gcéad duine le clib a chur leis an taifead seo!

MARC

LEADER 00000nam a2200000Ia 4500
008 170316s9999 xx 000 0 und d
040 |a cru BVZT 
090 |a 840 D-13d 
100 |a Duhamel, Georges 
245 |a Diario de un aspirante a santo 
250 |a 2 
260 |a Buenos Aires, Argentina 
260 |b Losada 
260 |c 1946 
300 |a 208 páginas 
650 |a LITERATURA FRANCESA 
650 |a NOVELA 
999 |c 7633  |d 7633 
942 |c 15 D  |h 840 D-13d  |2 z